000 00851nam a2200229 a 4500
001 12884
003 BD-JhCC
005 20230531122138.0
008 230531s2022 b a|||| |||| 000 0 b d
020 _a9789849512769
035 _a(BD-JhCC)12884
040 _aBD-JhCC
_dBD-JhCC
041 _aBen
082 _a500
_bSUM 2022
100 _aসুমনা, ড. উম্মে বুশরা
245 _aনুর হোসেনের আলোর ম্যাজিক /
_cড. উম্মে বুশরা সুমনা
260 _aঢাকা :
_bগার্ডিয়ান পাবলিকেশনস,
_c২০২২
300 _a৮৪ পৃ. :
_bরঙিন পৃষ্ঠা;
_c২২ সেমি.
490 _aগল্পে গল্পে বিজ্ঞান-০৩
650 _aScience
942 _2ddc
_cBK
999 _c12884
_d12884